000 00361nam a2200145Ia 4500
008 230917s9999||||xx |||||||||||||| ||und||
040 _e126476
_aMAIN
041 _aEnglish
082 _a647.94 H245H
100 _aHarrison, Jeffrey S
245 0 _aHospitality strategic management
260 _aHoboken
_bJohn Wiley
_c2005
300 _a544 p.
942 _cBK
999 _c152200
_d152200